000 00336nam a2200145Ia 4500
005 20251222152646.0
008 251222s9999||||xx |||||||||||||| ||spa||
020 _a840800199X
082 _a823.92/E11
100 _aEasterman, Daniel
245 0 _aLa Cofradía del Sepulcro
250 _a1ra. ed.
264 _bPlaneta
942 _cLIB
999 _c28272
_d28272